000 00444nam a2200157 4500
001 132221
003 ES-MaACL
005 20230906194130.0
007 t|
008 070214s1971 sp r ||||1| spa d
100 1 _aRomero, Andrés.
_999302
245 1 0 _aMedios de comunicación y sociedad /
_cAndrés Romero.
260 _aMadrid :
_b[s. n.],
_c1971 (
_fImp. Ferreira)
300 _a162 p. ;
_c18 cm.
852 _aES-MaACL
_jC-46571
_bR.80296
999 _c132221
_d132221